[Event "Mittelfranken-chTB2a 1920"]
[Site "Mittelfranken"]
[Date "2020.01.12"]
[Round "4.3"]
[White "Fischer, Gerd1111"]
[Black "Thiele, Heinz"]
[Result "0-1"]
[WhiteElo "1921"]
[BlackElo "1921"]
[PlyCount "48"]
[EventDate "2019.10.13"]
[EventType "team-tourn"]
[EventRounds "9"]
[EventCountry "GER"]
[SourceTitle "EXT 2023"]
[Source "ChessBase"]
[SourceDate "2022.10.05"]
[SourceVersion "1"]
[SourceVersionDate "2022.10.05"]
[SourceQuality "1"]
[WhiteTeam "Ansbach/Bad Windsheim"]
[BlackTeam "Fuerth SF"]
[WhiteTeamCountry "GER"]
[BlackTeamCountry "GER"]

1. e4 c5 2. Nf3 d6 3. d4 cxd4 4. Nxd4 Nf6 5. Nc3 a6 6. Be2 e5 7. Nb3 Be7 8. 0-0 Nc6 9. Be3 Be6 10. Nd5 Bxd5 11. exd5 Nb8 12. c4 Nbd7 13. Nd2 0-0 14. b4 b5 15. a4 bxc4 16. Nxc4 Ne8 17. Na5 Bg5 18. Nc6 Qf6 19. Qd2 Bxe3 20. fxe3 Qh6 21. Rf3 g6 22. Rh3 Qg5 23. Rg3 Qh6 24. Rd1 Kh8 0-1

[Event "Mittelfranken-chTB2a 1718"]
[Site "Mittelfranken"]
[Date "2018.02.18"]
[Round "5.5"]
[White "Metzenroth, Dieter"]
[Black "Thiele, Heinz"]
[Result "0-1"]
[WhiteElo "1728"]
[BlackElo "1951"]
[PlyCount "86"]
[EventDate "2017.10.08"]
[EventType "team-tourn"]
[EventRounds "9"]
[EventCountry "GER"]
[SourceTitle "EXT 2022"]
[Source "ChessBase"]
[SourceDate "2021.10.06"]
[SourceVersion "1"]
[SourceVersionDate "2021.10.06"]
[SourceQuality "1"]
[WhiteTeam "Cadolzburg"]
[BlackTeam "Fuerth SG"]
[WhiteTeamCountry "GER"]
[BlackTeamCountry "GER"]

1. d4 Nf6 2. Bf4 g6 3. Nc3 Bg7 4. e4 d6 5. Qd2 c6 6. Bh6 Bxh6 7. Qxh6 Qa5 8. 0-0-0 b5 9. e5 b4 10. exf6 bxc3 11. bxc3 Qxc3 12. Qg7 Qa1+ 13. Kd2 Qxd4+ 14. Kc1 Qa1+ 15. Kd2 Qxf6 16. Qxf6 exf6 17. Rb1 Be6 18. a3 0-0 19. Nf3 c5 20. Be2 Nc6 21. Rhd1 Rab8 22. c4 Rb6 23. Rxb6 axb6 24. Rb1 Rb8 25. Kc3 Kf8 26. Nd2 Ke7 27. Ne4 f5 28. Nd2 Kd7 29. f3 Nd4 30. Bd3 Kc7 31. Nb3 Nxb3 32. Rxb3 d5 33. cxd5 Bxd5 34. Bc4 Bxc4 35. Kxc4 Kc6 36. a4 Rd8 37. Kc3 Rd4 38. Ra3 Kb7 39. Ra1 Ka6 40. Re1 Rxa4 41. Re7 Ra2 42. Rxf7 Rxg2 43. Rxh7 Rf2 0-1

[Event "Mittelfranken-chTB1 1213"]
[Site "Germany"]
[Date "2013.04.21"]
[Round "9.5"]
[White "Grimm, Pascal"]
[Black "Thiele, Heinz"]
[Result "0-1"]
[WhiteElo "1898"]
[BlackElo "1990"]
[PlyCount "63"]
[EventDate "2012.10.07"]
[EventType "team-tourn"]
[EventRounds "9"]
[EventCountry "GER"]
[SourceTitle "EXT 2019"]
[Source "ChessBase"]
[SourceDate "2018.10.10"]
[SourceVersion "1"]
[SourceVersionDate "2018.10.10"]
[SourceQuality "1"]
[WhiteTeam "Postbauer Heng"]
[BlackTeam "Fuerth SF"]
[WhiteTeamCountry "GER"]
[BlackTeamCountry "GER"]

1. g3 g6 2. Bg2 Bg7 3. d3 d6 4. c4 e5 5. Nc3 c6 6. e3 f5 7. Nge2 Nf6 8. 0-0 0-0 9. Rb1 Be6 10. b4 Qc7 11. a4 Nbd7 12. b5 Rac8 13. Ba3 Rfe8 14. a5 a6 15. Qa4 axb5 16. cxb5 d5 17. d4 Ne4 18. Rfc1 Nb8 19. a6 bxa6 20. bxa6 Qa7 21. Nxe4 fxe4 22. Ra1 Qxa6 23. Qxa6 Nxa6 24. Bd6 Nb8 25. dxe5 Nd7 26. Nd4 Bf5 27. Nxc6 Bf8 28. Bxf8 Kxf8 29. Nb4 Nxe5 30. Nxd5 Nd3 31. Rxc8 Rxc8 32. Nf6 0-1

[Event "Mittelfranken-chTB1 1112"]
[Site "Germany"]
[Date "2012.01.15"]
[Round "5.7"]
[White "Thiele, Heinz"]
[Black "Hein, Manfred"]
[Result "1/2-1/2"]
[WhiteElo "2006"]
[BlackElo "1937"]
[PlyCount "96"]
[EventDate "2011.09.25"]
[EventType "team-tourn"]
[EventRounds "9"]
[EventCountry "GER"]
[SourceTitle "EXT 2013"]
[Source "ChessBase"]
[SourceDate "2012.11.22"]
[SourceVersion "1"]
[SourceVersionDate "2012.11.22"]
[SourceQuality "1"]
[WhiteTeam "Fuerth"]
[BlackTeam "Gunzenhausen"]
[WhiteTeamCountry "GER"]
[BlackTeamCountry "GER"]

1. c4 e5 2. Nf3 Nc6 3. Nc3 Nf6 4. d3 d5 5. cxd5 Nxd5 6. a3 Be7 7. e4 Nb6 8. Be3 0-0 9. Be2 Be6 10. 0-0 f6 11. Rc1 Nd4 12. Bxd4 exd4 13. Na4 Nxa4 14. Qxa4 c5 15. b4 cxb4 16. axb4 Qb6 17. Qa5 Qxb4 18. Qxb4 Bxb4 19. Nxd4 Bf7 20. Rc7 b6 21. Nc6 a5 22. Nxb4 axb4 23. Rb7 Rfb8 24. Rxb8+ Rxb8 25. Rb1 b3 26. d4 Ra8 27. d5 f5 28. f3 fxe4 29. fxe4 Ra4 30. Bf3 Bg6 31. Rxb3 Bxe4 32. Bxe4 Rxe4 33. Rxb6 Rd4 34. Rd6 Rd2 35. Rd7 h5 36. h4 Kh7 37. Kh2 Kg6 38. Kg3 Rd4 39. Kh3 Kf6 40. Kg3 Rg4+ 41. Kh3 Rd4 42. g3 Rd2 43. d6 g6 44. Rd8 Ke6 45. Re8+ Kf6 46. Rf8+ Ke6 47. Rg8 Kf7 48. Rd8 Ke6 1/2-1/2

[Event "Mittelfranken-chTB1 0910"]
[Site "Mittelfranken"]
[Date "2010.04.18"]
[Round "9.6"]
[White "Thiele, Heinz"]
[Black "Ulusoy, Tolga"]
[Result "1-0"]
[WhiteElo "2031"]
[BlackElo "1975"]
[PlyCount "145"]
[EventDate "2009.10.11"]
[EventType "team-tourn"]
[EventRounds "9"]
[EventCountry "GER"]
[SourceTitle "EXT 2011"]
[Source "ChessBase"]
[SourceDate "2010.11.26"]
[SourceVersion "1"]
[SourceVersionDate "2010.11.26"]
[SourceQuality "1"]
[WhiteTeam "Fuerth SF"]
[BlackTeam "Nuernberg NT III"]
[WhiteTeamCountry "GER"]
[BlackTeamCountry "GER"]

1. Nf3 c5 2. c4 Nf6 3. Nc3 g6 4. g3 Bg7 5. Bg2 0-0 6. 0-0 Nc6 7. d4 d6 8. d5 Nb8 9. h3 Re8 10. Re1 a6 11. a4 Nfd7 12. Kh2 Ne5 13. Nd2 Qa5 14. f4 Ned7 15. Ra3 Nf6 16. e4 e5 17. fxe5 Rxe5 18. Nf3 Rh5 19. Nh4 Rxh4 20. gxh4 Nh5 21. e5 Bxe5+ 22. Rxe5 dxe5 23. Qe1 Qc7 24. Ne4 f5 25. d6 Qb6 26. a5 Qb4 27. Nc3 e4 28. Bf1 Be6 29. Be2 b5 30. Bxh5 Qxc4 31. Bd1 Qd4 32. Ne2 Qxd6+ 33. Bf4 Qd7 34. Rg3 Nc6 35. h5 Kf7 36. Qg1 Rg8 37. hxg6+ Rxg6 38. Nc3 Nd4 39. Bh5 Nf3+ 40. Bxf3 exf3 41. Rxg6 hxg6 42. Qxc5 Qd3 43. Qf2 b4 44. Na4 Qb5 45. Nc5 Bd5 46. Kg3 Qxa5 47. Qd4 Qd8 48. h4 Qa8 49. Qxb4 Qe8 50. Qd2 Qc6 51. Qd4 a5 52. Kf2 Kg8 53. Bh6 Qc7 54. Qxd5+ Kh7 55. Qd7+ Qxd7 56. Nxd7 Kxh6 57. Nf6 g5 58. hxg5+ Kxg5 59. Nd5 f4 60. Kxf3 Kf5 61. Nxf4 a4 62. Nd3 a3 63. bxa3 Ke6 64. Ke4 Kd6 65. Kd4 Kc6 66. Kc4 Kb6 67. Kb4 Ka6 68. a4 Kb6 69. a5+ Ka6 70. Nc5+ Ka7 71. Kb5 Ka8 72. Kb6 Kb8 73. Ne6 1-0

[Event "Mittelfranken-chTB1 0809"]
[Site "Mittelfranken"]
[Date "2009.01.25"]
[Round "5.4"]
[White "Thiele, Heinz"]
[Black "Werner, Andreas1111"]
[Result "1-0"]
[WhiteElo "2032"]
[BlackElo "1952"]
[PlyCount "105"]
[EventDate "2008.10.12"]
[EventType "team"]
[EventRounds "9"]
[EventCountry "GER"]
[SourceTitle "EXT 2011"]
[Source "ChessBase"]
[SourceDate "2010.11.26"]
[SourceVersion "1"]
[SourceVersionDate "2010.11.26"]
[SourceQuality "1"]
[WhiteTeam "Fuerth SF"]
[BlackTeam "Nuernberg Sued SW II"]
[WhiteTeamCountry "GER"]
[BlackTeamCountry "GER"]

1. Nf3 d5 2. c4 c6 3. cxd5 cxd5 4. d4 Nf6 5. Nc3 e6 6. Bf4 Bd6 7. Bg3 Bxg3 8. hxg3 Nc6 9. e3 Bd7 10. Bd3 Nb4 11. Bb1 Qa5 12. 0-0 Rc8 13. a3 Nc6 14. Bd3 Ne7 15. Ne5 Ng6 16. g4 Nxe5 17. dxe5 Ng8 18. f4 f5 19. gxf5 exf5 20. Qb3 Ne7 21. Qxb7 Rc7 22. Qb8+ Rc8 23. Qb4 Qb6 24. Qxb6 axb6 25. Rac1 Kf7 26. Bb1 Rhd8 27. Ba2 Be6 28. Nb5 Rc5 29. Nd6+ Kg6 30. Nb7 Rxc1 31. Rxc1 Rc8 32. Rxc8 Bxc8 33. Nd6 Ba6 34. Bb1 Be2 35. Kf2 Bg4 36. Ba2 h5 37. g3 Bd1 38. Ke1 Bf3 39. Kf2 Bd1 40. Bb1 Bb3 41. Bd3 Bd1 42. Kg2 Bb3 43. Kf2 Bd1 44. Nb5 Kf7 45. Be2 Bxe2 46. Kxe2 Ke6 47. Nd4+ Kd7 48. Kd3 g6 49. Kc3 Kc7 50. Kb4 Nc8 51. a4 Ne7 52. Kb5 Kb7 53. a5 1-0

[Event "Mittelfrankenliga-B1 0708"]
[Site "Mittelfranken"]
[Date "2008.02.17"]
[Round "6.5"]
[White "Schatz, Werner1111"]
[Black "Thiele, Heinz"]
[Result "1/2-1/2"]
[WhiteElo "1976"]
[BlackElo "1978"]
[PlyCount "39"]
[EventDate "2007.10.14"]
[EventType "team-tourn"]
[EventRounds "9"]
[EventCountry "GER"]
[SourceTitle "EXT 2011"]
[Source "ChessBase"]
[SourceDate "2010.11.26"]
[SourceVersion "1"]
[SourceVersionDate "2010.11.26"]
[SourceQuality "1"]
[WhiteTeam "Fuerth SZ"]
[BlackTeam "Fuerth SF"]
[WhiteTeamCountry "GER"]
[BlackTeamCountry "GER"]

1. Nf3 g6 2. g3 Bg7 3. Bg2 c5 4. 0-0 Nc6 5. d3 d6 6. c3 Nf6 7. Nbd2 0-0 8. a4 Rb8 9. Nc4 h6 10. Qc2 e5 11. e4 Be6 12. Bd2 Qd7 13. Ne3 d5 14. c4 dxe4 15. dxe4 Nd4 16. Nxd4 cxd4 17. Nd5 Nxd5 18. cxd5 Bh3 19. Qb3 Bxg2 20. Kxg2 1/2-1/2

[Event "Mittelfrankenliga-B1 0708"]
[Site "Mittelfranken"]
[Date "2007.11.11"]
[Round "2.6"]
[White "Thiele, Heinz"]
[Black "Herbst, Thomas"]
[Result "1-0"]
[WhiteElo "1978"]
[BlackElo "1893"]
[PlyCount "119"]
[EventDate "2007.10.14"]
[EventType "team-tourn"]
[EventRounds "9"]
[EventCountry "GER"]
[SourceTitle "EXT 2011"]
[Source "ChessBase"]
[SourceDate "2010.11.26"]
[SourceVersion "1"]
[SourceVersionDate "2010.11.26"]
[SourceQuality "1"]
[WhiteTeam "Fuerth SF"]
[BlackTeam "Nuernberg SK 1911"]
[WhiteTeamCountry "GER"]
[BlackTeamCountry "GER"]

1. c4 c6 2. Nf3 d5 3. d4 Nf6 4. Nc3 dxc4 5. a4 Bf5 6. e3 e6 7. Bxc4 Nbd7 8. 0-0 Bb4 9. Na2 Bd6 10. b4 0-0 11. Bb2 Qe7 12. Qb3 Rfd8 13. Ne5 Rac8 14. Rad1 Ng4 15. f4 Qh4 16. Nf3 Qh6 17. h3 Ngf6 18. Be2 Ne4 19. Nc3 Ndf6 20. Nxe4 Nxe4 21. Bd3 Ng3 22. Rf2 Ne4 23. Bxe4 Bxe4 24. Ba3 Bb8 25. Qb2 Rd5 26. Rc1 Rcd8 27. b5 cxb5 28. axb5 Qh5 29. Rc5 h6 30. b6 a6 31. Qc1 Rxc5 32. Qxc5 Qd5 33. Qxd5 Bxd5 34. Rc2 Bd6 35. Bc5 Be4 36. Rc1 Bxf3 37. gxf3 Rc8 38. Kf2 f6 39. Ke2 Kf7 40. Kd3 Bxc5 41. dxc5 Ke7 42. Kc4 Kd7 43. Rg1 g5 44. fxg5 fxg5 45. h4 Rg8 46. Rd1+ Kc8 47. hxg5 hxg5 48. Rg1 Kd7 49. Rg4 Rf8 50. Rxg5 Rxf3 51. Rg7+ Kc8 52. Kd4 a5 53. Rc7+ Kb8 54. Re7 Kc8 55. Rxe6 a4 56. Re8+ Kd7 57. Ra8 Rh3 58. Rxa4 Kc6 59. Ra1 Rh4+ 60. e4 1-0

[Event "Mittelfrankenliga-B1 0607"]
[Site "Mittelfranken"]
[Date "2007.03.11"]
[Round "7.5"]
[White "Thuerauf, Peter"]
[Black "Thiele, Heinz"]
[Result "0-1"]
[WhiteElo "1820"]
[BlackElo "1976"]
[PlyCount "50"]
[EventDate "2006.10.22"]
[EventType "team-tourn"]
[EventRounds "9"]
[EventCountry "GER"]
[SourceTitle "EXT 2011"]
[Source "ChessBase"]
[SourceDate "2010.11.26"]
[SourceVersion "1"]
[SourceVersionDate "2010.11.26"]
[SourceQuality "1"]
[WhiteTeam "Nuernberg Sued SW II"]
[BlackTeam "Fuerth SF"]
[WhiteTeamCountry "GER"]
[BlackTeamCountry "GER"]

1. d4 g6 2. c4 Bg7 3. g3 c5 4. d5 d6 5. Nc3 Nf6 6. Bg2 0-0 7. e4 e6 8. Nge2 exd5 9. cxd5 Re8 10. 0-0 b5 11. Qc2 b4 12. Nd1 Ba6 13. Re1 Nbd7 14. Ne3 Ne5 15. Rd1 Ned7 16. Nc4 Nb6 17. Nxb6 Qxb6 18. h3 Bb5 19. Be3 Bxe2 20. Qxe2 Nxe4 21. Kh2 f5 22. g4 f4 23. Bxe4 Rxe4 24. Qf3 Rae8 25. Bxf4 Rxf4 0-1